Normal view
MARC view
Entry Topical Term
001 - CONTROL NUMBER
- control field: 2361
003 - CONTROL NUMBER IDENTIFIER
- control field: OSt
005 - DATE AND TIME OF LATEST TRANSACTION
- control field: 20150716145836.0
008 - FIXED-LENGTH DATA ELEMENTS
- fixed length control field: 150716|| aca||aabn | a|a d
040 ## - CATALOGING SOURCE
- Original cataloging agency: OSt
- Transcribing agency: OSt
150 ## - HEADING--TOPICAL TERM
- Topical term or geographic name entry element: The Legislative Process
670 ## - SOURCE DATA FOUND
- Source citation: Work cat.: (OSt)2044: Malhotra, G.C. 2146, Parliamentatry Privileges, 2001









